000 00815nmm a2200253 a 4500
001 ocm000891621
003 TR-IsHL
005 20201028144741.0
008 141121s[201 tu tur
007 cr cn
035 _a891621
_b(N$T)
050 0 4 _aHB62
_b.E46 [201?]
090 0 4 _aHB62
_b.E46 [201?]
245 1 0 _aEkonomi
_h[electronic resource] /
_chazırlayan Aycan Türk
260 _aİstanbul :
_bKafekültür Yayıncılık,
_c[201?]
300 _a19 p.
650 4 _aEkonomi ve Finans
650 4 _aEconomics and Finance
650 0 _aEkonomi
_x Terminoloji
650 0 _aEconomics
_xTerminology
650 7 _aBUSINESS & ECONOMICS / Economic Conditions
_2bisacsh
700 1 _aTürk, Aycan
856 4 0 _uhttp://search.ebscohost.com/login.aspx?direct=true&scope=site&db=e011xww&AN=891621
999 _c9593
_d9593